00625nam a2200193Ia 4500008004100000020001800041082001400059100001800073245003100091250000700122260007000129300002300199500001900222600001500241650001500256942000700271952013600278999001700414240925s9999 xx 000 0 und d a9780070660021 a651.7 KON aKoneru, Aruna 0aProfessional Communication aNA aNew Delhi:bMcGraw Hill Education (India) Private Limitedc,2008. axxiv, 746p.b0fNA aIncludes Index aManagement aManagement cBK 001040708SSaUITUbUITUd2018-12-27eBook World Internationalg946.40l0o651.7 KONpQ12950r2024-09-25 07:16:41w2024-09-25yBK c15449d15449